How To Do Things With Words (Запис номер 333258)
[ съкратено ]
| 000 -Лидер | |
|---|---|
| Контролно поле с фиксирана дължина | 00807nam a2200265 c 4500 |
| 003 - Код на организацията, давaща контролен номер | |
| Контролно поле | BLK |
| 005 - Дата и час на последна редакция | |
| Контролно поле | 20190722123007.0 |
| 008 - Елементи от данни с фиксирана дължина | |
| fixed length control field | 180408b bul|||||r ||||||| ||bul|| |
| 010 ## - Наследен системен номер | |
| LC control number | KNG00045474000 |
| 020 ## - Международен стандартен номер на книга ISBN | |
| Международен стандартен номер на книга ISBN | 9780192812056 |
| 040 ## - Източник на каталожния запис | |
| Идентификатор на билиотеката - собственик на записа | BLK |
| 041 ## - Код за език | |
| Код за езика на текст/звукозапис или на отделно заглавие | Френски |
| Код за езика КДБФ | Френски |
| 080 ## - УДК | |
| Текстов определител УДК | Теория, философия, произход и развитие на езика |
| УДК код - определител по УДК | 81`1 |
| УДК - код + определител | 81`1 |
| 100 1# - Редна дума - Автор | |
| Автор | Austin, J. L. |
| Авторска отговорност | първи автор |
| R(LIN) | 4119 |
| 139 ## - Редно поле | |
| Редна дума | Austin, J. L. |
| 245 10 - Сведения за заглавието | |
| Заглавие | How To Do Things With Words |
| Подзаглавни данни | The William James Lectures delivered at harvard University in 1955 |
| Редно поле (дума) | J. L. Austin. |
| 250 ## - Област на изданието | |
| Сведения за изданието | 2. Ed. |
| 260 ## - Област на издателските данни | |
| Име на издателя, разпространителя и проч. | Oxford Univ. Press |
| Година на издаване | 1990 |
| 9 (RLIN) | 209826 |
| Място на издаване, разпространение и проч. | Oxford |
| Издателство - префикс ISBN | 978-0-19- |
| 300 ## - Физическа характеристика | |
| Страници | 182 c. |
| Размери/Мащаб | 19 cm |
| 380 ## - Жанр | |
| Жанр | Езикознание. Филология |
| 856 4# - Електронен адрес и достъп | |
| Електронен формат | pdf - файл |
| 856 4# - Електронен адрес и достъп | |
| Електронен формат | pdf - файл |
| 999 ## - СИСТЕМНИ КОНТРОЛНИ НОМЕРА | |
| Koha biblionumber | 333258 |
| Koha biblioitemnumber | 333258 |
| 942 ## - АРТИКУЛИ | |
| Вид на библиотечния материал | Книги |
| Скрит в OPAC | Не |
| Koha issues (borrowed), all copies | 2 |
| Периодичен библиозапис | Да |
| 944 ## - СЪЗДАВАНЕ И РЕДАКЦИЯ на ЗАПИСА | |
| Създаване/Редакция | Създаване |
| Дата на регистрацията/редакция | 01.01.1999 |
| Служител, извършил регистрацията/редакцията | AB_DOS |
| 944 ## - СЪЗДАВАНЕ И РЕДАКЦИЯ на ЗАПИСА | |
| Създаване/Редакция | Редакция |
| Дата на регистрацията/редакция | 15.01.2003 |
| 999 ## - СИСТЕМНИ КОНТРОЛНИ НОМЕРА | |
| Koha biblioitemnumber | 333258 |
| 999 ## - СИСТЕМНИ КОНТРОЛНИ НОМЕРА | |
| Koha biblioitemnumber | 41877 |
| 999 ## - СИСТЕМНИ КОНТРОЛНИ НОМЕРА | |
| Koha biblioitemnumber | 41877 |
| Код за отписване | Код за изгубен артикул | Източник на класификационната схема | Код за повреда | Коз за рестрикции | Код за отдаване | Артикулен № | Име на библиотеката - собственик | Име на библиотеката, в която се намира в момента | Статус (Текущо местоположение) | Дата на вписване в системата | Местоположение - отдел | Цена в лева | Систематично азбучна сигнатура | Баркод | Цена в евро | Служебен тип на артикула |
|---|---|---|---|---|---|---|---|---|---|---|---|---|---|---|---|---|
| Не е изгубен | Universal Decimal Classification | Не е повреден | без рестрикции | заемане за дома | 732243 | Регионална библиотека "Любен Каравелов" Русе | Регионална библиотека "Любен Каравелов" Русе | ЧЧЗО - англ. ез. - Британски съвет | 2019-08-15 | ЧЧЗО - англ. ез. - Британски съвет | 8.00 | Ч3 800/A 93 | 120000835524 | 4.09 | Книги |